<?xml version="1.0" encoding="UTF-8"?>
<record
    xmlns:xsi="http://www.w3.org/2001/XMLSchema-instance"
    xsi:schemaLocation="http://www.loc.gov/MARC21/slim http://www.loc.gov/standards/marcxml/schema/MARC21slim.xsd"
    xmlns="http://www.loc.gov/MARC21/slim">

  <leader>01633pab a2200169 454500</leader>
  <controlfield tag="008">180718b1998   xxu||||| |||| 00| 0 eng d</controlfield>
  <datafield tag="100" ind1=" " ind2=" ">
    <subfield code="a">Lowndes, Vivien</subfield>
  </datafield>
  <datafield tag="245" ind1=" " ind2=" ">
    <subfield code="a">The dynamics of multi-organizational partnerships: an analysis of changing models of governance</subfield>
  </datafield>
  <datafield tag="260" ind1=" " ind2=" ">
    <subfield code="c">1998</subfield>
  </datafield>
  <datafield tag="300" ind1=" " ind2=" ">
    <subfield code="a">p.313-33</subfield>
  </datafield>
  <datafield tag="362" ind1=" " ind2=" ">
    <subfield code="a">Summer</subfield>
  </datafield>
  <datafield tag="520" ind1=" " ind2=" ">
    <subfield code="a">Multi-organizational partnerships are now an important means of governing and managing public programmes. They typically involve business, community and not-for-profit agencies alongside government bodies. Partnerships are frequently contrasted with competitive markets and bureaucratic hierarchies. A more complex reality is revealed once partnerships as an organizational form are distinguished from networks as a mode of social co-ordination or governance. Data from studies of UK urban regeneration partnerships are used to develop a four-stage partnership life cycle; pre-partnership collaboration; partnership creation; partnership programme delivery; and partnership termination. A different mode of governance - network, market or hierarchy - predominates at each stage. Separating organizational form from mode of governance enables a richer understanding of multi-organizational activity and provides the basis from which theory and practice can be developed. The key challenge for partnerships lies in managing the interaction of different modes of governance, which at some points will generate competition and at other points collaboration. - Reproduced</subfield>
  </datafield>
  <datafield tag="650" ind1=" " ind2=" ">
    <subfield code="a">Public administration</subfield>
  </datafield>
  <datafield tag="700" ind1=" " ind2=" ">
    <subfield code="a">Skelcher, Chris</subfield>
  </datafield>
  <datafield tag="773" ind1=" " ind2=" ">
    <subfield code="a">Public Administration</subfield>
  </datafield>
  <datafield tag="909" ind1=" " ind2=" ">
    <subfield code="a">38762</subfield>
  </datafield>
  <datafield tag="999" ind1=" " ind2=" ">
    <subfield code="c">38762</subfield>
    <subfield code="d">38762</subfield>
  </datafield>
  <datafield tag="952" ind1=" " ind2=" ">
    <subfield code="0">0</subfield>
    <subfield code="1">0</subfield>
    <subfield code="4">0</subfield>
    <subfield code="7">0</subfield>
    <subfield code="a">IIPA</subfield>
    <subfield code="b">IIPA</subfield>
    <subfield code="d">2018-07-19</subfield>
    <subfield code="h">Volume no: 76, Issue no: 2</subfield>
    <subfield code="p">AR39119</subfield>
    <subfield code="r">2018-07-19</subfield>
    <subfield code="w">2018-07-19</subfield>
    <subfield code="y">AR</subfield>
  </datafield>
</record>
